000 01410aam a2200361a 44500
008 950407s1994 cat
017 _aB-30370-1994
041 _acat
041 _bspa
080 _a539.1(038)
110 _aUniversitat de Barcelona. Facultat de Física. Comissió de Normalització Lingüística
_963154
245 _aVocabulari de física quàntica: Català, castellà
_cUniversitat de Barcelona. Facultat de Física. Comissió de Normalització
260 _aBarcelona
_bUniversitat de Barcelona. Servei de Llengua Catalana
_c1994
300 _aFull desplegable
_c30 cm.
490 _aVocabularis Bàsics per a l'Alumnat. Vocabularis de Física
500 _aCategoria gramatical, sinònims
500 _aInformació del títol extreta de la portada
520 _a293
591 _a4534
592 _aObra terminològica
593 _aBQ
594 _a4534
650 _afísica nuclear
_963156
650 _afísica quàntica
_962919
830 _aVocabularis Bàsics per a l'Alumnat. Vocabularis de Física
_963155
856 _uhttp://termcat.termcat.cat/cgi-bin/koha/opac-retrieve-file.pl?id=d759123bf646ef2b300bc7896d976e14
856 _uhttp://diposit.ub.edu/dspace/bitstream/2445/53435/1/fisica-quantica.pdf
901 _cDL <1994>
902 _a950407
942 _cMO
_n0
_2ddc
999 _c52610
_d52610